• 首页
  • 本馆介绍
  • 公告通知
  • 最新文献
  • 馆藏检索
  • 电子资源
  • 读者导购
  • 参考咨询
  • 我的图书馆
  • 登录
  • 详细信息显示
  • 放入我的书架
  • 预约/预借图书
  • 作者相关作品
  • 分类相关作品
  • 丛书相关作品
  • 出版社相关作品

书目信息

  • 表格格式
  • 工作单格式
  • 卡片格式
题名:
图说中国舞蹈
    
 
作者: 胡淼森 , 刘佳 著
分册:  
出版信息: 北京   华文出版社  2020.4
页数: 180页
开本: 24cm
丛书名: 图说经典
单 册:
中图分类: J72
科图分类:
主题词: 舞蹈艺术--中国--图解
电子资源:
ISBN: 978-7-5075-2241-9
000 01022nam 2200289 45
001 012001000603
005 20130909103925.0
010    @a978-7-5075-2241-9@dCNY32.90
099    @aCAL 012009138421
100    @a20091015d2009 em y0chiy0110 ea
101 0  @achi
102    @aCN@b110000
105    @aakh z 000yy
106    @ar
200 1  @a图说中国舞蹈@Atu shuo zhong guo wu dao@f胡淼森, 刘佳著
210    @a北京@c华文出版社@d2020.4
215    @a180页@c彩图, 摹真@d24cm
225 2  @a图说经典@Atu shuo jing dian@i图说中国文化
330    @a本书以全新的“图说”方式, 结合编写体例、图片和艺术设计等多种视觉要素, 对中国舞蹈文化进行了细致入微的全方位展示, 内容涉及舞蹈的雏形、舞蹈的类型和特点、舞蹈的发展与流变、历代名舞和舞蹈大家、丰富多彩的民间舞蹈等。
461  0 @12001 @a图说经典
462  0 @12001 @a图说中国文化
606 0  @a舞蹈艺术@y中国@j图解
690    @aJ72@v5
701  0 @a胡淼森@Ahu miao sen@4著
701  0 @a刘佳@Aliu jia@4著
801    @aCN@b江苏凤凰@c20211018
905    @b1340300-3@dJ72@e290@f4
    
    图说中国舞蹈/胡淼森, 刘佳著.-北京:华文出版社,2020.4
    180页:彩图, 摹真;24cm.-(图说经典.图说中国文化)
    
    
    ISBN 978-7-5075-2241-9:CNY32.90
    本书以全新的“图说”方式, 结合编写体例、图片和艺术设计等多种视觉要素, 对中国舞蹈文化进行了细致入微的全方位展示, 内容涉及舞蹈的雏形、舞蹈的类型和特点、舞蹈的发展与流变、历代名舞和舞蹈大家、丰富多彩的民间舞蹈等。
●
相关链接 在E读中查询图书 在五车中查询图书 在当当中查询图书 在豆瓣中查询图书


正题名:图说中国舞蹈     索取号:J72/290         预约/预借

序号 登录号 条形码 馆藏地/架位号 状态 备注
1 1340300   213403002   第一样本阅览室/ [索取号:J72/290] 在馆    
2 1340301   213403011   第一借阅区/ [索取号:J72/290] 在馆    
3 1340302   213403020   第一借阅区/ [索取号:J72/290] 在馆    
4 1340303   213403039   第一借阅区/ [索取号:J72/290] 在馆    
唐山师范学院图书馆 欢迎您!
大连网信软件有限公司© 版权所有